My Chemical Romance Lyrics - Goodnite, Dr. Death Quiz Stats

 Plays Quiz not verified by Sporcle

Challenge
Share
Tweet
Embed
Score 0/104 Timer 10:00
0 Plays Today
% Correct
the
100%
and
100%
the
100%
and
100%
a
100%
And
100%
the
100%
the
100%
the
100%
D,
97.4%
I
97.4%
you
97.4%
You
97.4%
you
97.4%
you
97.4%
you
97.4%
you
97.4%
you.
97.4%
for
94.9%
Dr.
94.9%
for
94.9%
know
94.9%
know
94.9%
that
94.9%
that
94.9%
we
94.9%
sun?
94.9%
That
94.9%
don't
94.9%
on
94.9%
Dr.
94.9%
It's
92.3%
time
92.3%
me,
92.3%
to
92.3%
% Correct
to
92.3%
me,
92.3%
so
92.3%
with
92.3%
this:
92.3%
big
92.3%
ball
92.3%
of
92.3%
call
92.3%
Well,
92.3%
if
92.3%
in
92.3%
is,
92.3%
if
92.3%
So
92.3%
if
92.3%
in
92.3%
This
92.3%
is
92.3%
Death
92.3%
out
89.7%
little
89.7%
while.
89.7%
I'll
89.7%
radiation
89.7%
it'll
89.7%
stay
89.7%
too
89.7%
get
89.7%
first.
89.7%
out
89.7%
your
89.7%
you're
87.2%
leave
87.2%
one
87.2%
% Correct
long.
87.2%
you're
87.2%
Defying,
87.2%
signing
87.2%
off.
87.2%
are
84.6%
party's
84.6%
over.
84.6%
place
84.6%
lights
82.1%
say
82.1%
goodbye
82.1%
children,
79.5%
miss
79.5%
burst
79.5%
into
79.5%
flames
79.5%
static
79.5%
remember,
79.5%
here
79.5%
desert,
79.5%
shadow
79.5%
without
79.5%
Alright,
76.9%
going
76.9%
lives
76.9%
even
71.8%
be
71.8%
gone,
71.8%
start
69.2%
running
69.2%
dusted,
69.2%
but
69.2%
may
66.7%

You're not logged in!

Compare scores with friends on all Sporcle quizzes.
OR
Log In

You Might Also Like...

Show Comments

Extras

Top Quizzes Today


Score Distribution

Your Account Isn't Verified!

In order to create a playlist on Sporcle, you need to verify the email address you used during registration. Go to your Sporcle Settings to finish the process.

Report this User

Report this user for behavior that violates our Community Guidelines.

Details: